000 00425nam a2200169Ia 4500
005 20250425140419.0
008 231217s9999 xx 000 0 und d
020 _a9780763752224
082 _a575.12 LEW3;6
100 _aLewin, Benjamin
245 0 _aGenes IX
260 _c2006
_bJones and Bartlett Publishers
_aBoston
300 _axvii+892
500 _aContent page available
650 _aGenes,IX
942 _cAA
999 _c180469
_d180469